| 000 | 01503nam a22002537a 4500 | ||
|---|---|---|---|
| 005 | 20260507115359.0 | ||
| 008 | 260507b |||||||| |||| 00| 0 eng d | ||
| 022 | _a0261-1929 | ||
| 040 |
_aMMSU _cULS |
||
| 210 | _aATLA | ||
| 222 | _aAlternatives to Laboratory Animals | ||
| 245 |
_aATLA : _bAlternatives to Laboratory Animals |
||
| 260 |
_aLondon: _bSage Publications, _c2025- |
||
| 300 |
_avolumes ; _c28 cm. |
||
| 310 | _aSix times a year. | ||
| 362 | _aVolume 53, Number 4 (July 2025- ) | ||
| 500 | _aATLA is a peer-reviewed journal, intended to cover all aspects of the development, validation, implementation and use of alternatives to laboratory animals in biomedical research and toxicity testing. In addition to the replacement of animals, it also covers work that aims to reduce the number of animals used and refine the in vivo | ||
| 505 |
_tXeno-free alternatives to the use of fetal bovine serum in head and neck cancer explant culture (pp. 188–202) / _rAlexya Azhakesan, Elena Seiz, […], and Annette Affolter |
||
| 505 |
_tDetermining the pathogenicity of uropathogenic Escherichia coli strains in the Galleria mellonella larvae model (pp. 203–214) / _rGabriela Zottis Chitolina, Thales Quedi Furian,and Carlos Tadeu Pippi Salle |
||
| 505 |
_tBreaking down the barriers to animal-free research (pp. 215–231) / _rLauren Hope |
||
| 650 |
_aBiomedical research _vPeriodicals |
||
| 650 |
_aAnimals as alternatives in laboratoies _vPeriodicals |
||
| 942 |
_2lcc _cSERIALS |
||
| 999 |
_c29092 _d29092 |
||